Toutes les portes de Paris - Statistiques

Statistiques générales
  • Ce quiz a été pris 156 fois
  • Le résultat moyen est 21 sur 57
Statistiques - réponses
Réponse % Correct
Porte d'Italie
80%
Porte de Vincennes
75%
Porte de Clignancourt
71%
Porte de Montreuil
71%
Porte de Saint-Ouen
71%
Porte de Clichy
68%
Porte d'Orléans
68%
Porte de Bagnolet
67%
Porte de la Chapelle
67%
Porte de Vanves
67%
Porte de Charenton
65%
Porte des Lilas
65%
Porte Maillot
65%
Porte d'Ivry
64%
Porte de Versailles
63%
Porte de Pantin
60%
Porte de Saint-Cloud
60%
Porte Dorée
60%
Porte de la Villette
56%
Porte d'Aubervilliers
54%
Porte d'Auteuil
54%
Porte Dauphine
53%
Porte de Choisy
49%
Porte de Champerret
47%
Porte d'Asnières
43%
Porte de Saint-Mandé
40%
Porte d'Issy
40%
Porte de Bercy
39%
Porte de Montrouge
36%
Porte de Gentilly
34%
Porte du Pré-Saint-Gervais
32%
Porte de Sèvres
30%
Porte de Passy
28%
Porte de la Muette
27%
Porte de Chatillon
26%
Porte des Ternes
19%
Porte Molitor
19%
Porte Brancion
14%
Quai d'Ivry
14%
Porte de la Plaine
13%
Quai d'Issy
11%
Porte de Reuilly
10%
Porte d'Arcueil
8%
Porte de Courcelles
8%
Porte de Montempoivre
8%
Poterne des Peupliers
8%
Porte Chaumont
7%
Porte des Poissonniers
7%
Porte de Villiers
7%
Porte Didot
6%
Porte Pouchet
5%
Porte Brunet
4%
Porte de la Gare
4%
Porte de Ménilmontant
4%
Porte de Plaisance
4%
Porte du Point du Jour
4%
Porte Montmartre
2%
Aucun quiz correspondant
Distribution des résultats
% des personnes avec chaque résultat
Percentile par nombre de réponses
Votre historique - résultats
Vous n’avez pas pris ce quiz